000 002700000a22000970004500
100 1 _aPadilla, C. René
245 1 0 _aLa misión crisriana quinientos años después
300 _aVol. 11, Num 2 (Abril-Junio, 1992) Páginas 4-5
773 0 _tIglesia y Misión
942 _cANA
999 _c51955
_d51955